Title in the Lyrics Quiz: 2000's Rock - Statistics

General Stats
  • This quiz has been taken 252 times
  • The average score is 8 of 18
Answer Stats
Answe % Correct
I walk this empty street, On the {Boulevard} {of} {Broken} {Dreams}, Where the city sleeps, And I'm the only one and I walk alone
92%
Cut my life into pieces, This is my {Last} {Resort}
82%
I've become so {Numb}, I can't feel you there, Become so tired, so much more aware
75%
Why'd you have to go and make things so {Complicated}? I see the way you're actin' like you're somebody else, Gets me frustrated
72%
I'm gonna fight 'em off, A {Seven} {Nation} {Army} couldn't hold me back
66%
Well, {Somebody} {Told} {Me} you had a boyfriend, Who looked like a girlfriend, That I had in February of last year
62%
Were you born to resist or be abused? Is someone getting the best, the best, the best, the {Best} {of} {You}?
54%
{All} {the} {Small} {Things}, True care, truth brings, I'll take one lift, Your ride, best trip
51%
Eating seeds as a pastime activity, The {Toxicity} of our city, of our city
40%
On an {Island} {in} {the} {Sun}, We'll be playing and having fun, And it makes me feel so fine, I can't control my brain
33%
'Cause I'm {In} {Too} {Deep}, and I'm trying to keep, Up above in my head, instead of going under
32%
Let's waste time, {Chasing} {Cars}, Around our heads
23%
With a name like {Dani} {California}, Day was gonna come when I was gonna mourn ya
22%
In your house I long to be, Room by room patiently, I'll wait for you there {Like} {a} {Stone} I'll wait for you there alone
21%
Everything's so {Blurry}, And everyone's so fake, And everybody's empty, And everything is so messed up
16%
'Cause I'm {Broken} when I'm open, And I don't feel like I am strong enough
15%
And now that we're here, It's {So} {Far} {Away}, All the struggle we thought was in vain
9%
You don't need to {Bother}, I don't need to be, I'll keep slipping farther, But once I hold on, I won't let go 'til it bleeds
8%
No matching quizzes found
Score Distribution
Percent of People with Each Score
Percentile by Number Answered
Your Score History
You have not taken this quiz